[Event "IIFL Wealth  4th Mumbai Junior U-13"]
[Site "Mumbai"]
[Date "2019.01.06"]
[Round "8"]
[White "Jain Kashish Manoj"]
[Black "Nikhil Magizhnan"]
[Result "1/2-1/2"]
[WhiteElo "1853"]
[BlackElo "2148"]
[Annotator "NA"]
[PlyCount "168"]
[EventDate "2018.12.30"]
[EventType "swiss"]
[EventCountry "IND"]
[SourceTitle "playchess.com"]
[Source "ChessBase"]
[SourceQuality "1"]

1. Nf3 Nf6 2. g3 d5 3. Bg2 c5 4. O-O Nc6 5. d3 e5 6. e4 d4 7. Na3 Bd6 8. Nc4 Bc7 9. a4 Bg4 10. h3 Be6 11. b3 h6 12. Ne1 Qd7 13. Kh2 g5 14. Bd2 Ng8 15. Qc1 Nge7 16. a5 Ng6 17. Qa3 Qe7 18. Rb1 O-O 19. b4 b5 20. axb6 axb6 21. Qb2 b5 22. Nxe5 Ncxe5 23. f4 gxf4 24. gxf4 Ra2 25. Qc1 Nd7 26. Kh1 f5 27. bxc5 Qh4 28. Nf3 Qf6 29. e5 Qf7 30. Nxd4 Bd5 31. Nf3 Kh7 32. Rxb5 Ne7 33. Rb2 Rxb2 34. Qxb2 Rg8 35. c4 Bc6 36. Be3 Ra8 37. Qe2 Ra4 38. Rc1 Ra5 39. Bd2 Ra2 40. e6 Qg7 41. exd7 Ng6 42. Re1 Nxf4 43. Bxf4 Rxe2 44. Rxe2 Qxd7 45. Bxc7 Qxc7 46. Rf2 Qa5 47. d4 Be4 48. Kh2 Qc3 49. c6 Qxc4 50. Nd2 Qxd4 51. Nxe4 fxe4 52. Re2 e3 53. c7 Qd6+ 54. Kg1 Qxc7 55. Rxe3 Qc5 56. Kf2 h5 57. Kf3 Kh6 58. Re4 Qc3+ 59. Kf2 Kg5 60. h4+ Kf5 61. Kg1 Qc1+ 62. Kh2 Qd1 63. Bh1 Qd6+ 64. Kg1 Qg3+ 65. Bg2 Qxg2+ 66. Kxg2 Kxe4 67. Kg3 Ke3 68. Kg2 Kf4 69. Kh3 Kf3 70. Kh2 Kg4 71. Kg2 Kxh4 72. Kh2 Kg4 73. Kg2 h4 74. Kh2 Kf4 75. Kh3 Kg5 76. Kh2 Kg4 77. Kg2 h3+ 78. Kh2 Kh4 79. Kh1 Kg3 80. Kg1 Kf3 81. Kh2 Kg4 82. Kh1 Kg3 83. Kg1 h2+ 84. Kh1 Kh3 1/2-1/2

[Event "IIFL Wealth  4th Mumbai Junior U-13"]
[Site "Mumbai"]
[Date "2019.01.06"]
[Round "8"]
[White "Potawad Anirudhha"]
[Black "Arjun Kumar S"]
[Result "1-0"]
[WhiteElo "1849"]
[BlackElo "1428"]
[Annotator "NA"]
[PlyCount "91"]
[EventDate "2018.12.30"]
[EventType "swiss"]
[EventCountry "IND"]
[SourceTitle "playchess.com"]
[Source "ChessBase"]
[SourceQuality "1"]

1. e4 c5 2. Nf3 e6 3. d4 cxd4 4. Nxd4 a6 5. Nc3 Qc7 6. Bd3 Nf6 7. O-O b5 8. a3 Bb7 9. Qe2 Be7 10. Kh1 O-O 11. f4 d6 12. Be3 Nbd7 13. Bg1 Rac8 14. Nb3 Nc5 15. Rac1 Rfd8 16. Nxc5 dxc5 17. e5 Nd5 18. Nxd5 Bxd5 19. c4 bxc4 20. Bxc4 Bxc4 21. Rxc4 Qb7 22. f5 exf5 23. Rxf5 g6 24. Rf1 Bf8 25. Rcf4 Rc7 26. e6 f5 27. Bf2 Re8 28. Qc4 Qb5 29. e7+ Qxc4 30. exf8=Q+ Kxf8 31. Rxc4 Re2 32. Bxc5+ Kf7 33. b4 Rd7 34. g4 Rdd2 35. Bg1 Kf6 36. gxf5 gxf5 37. Rc6+ Kg5 38. Rxa6 f4 39. Ra8 Kg4 40. Rg8+ Kh3 41. Rf3+ Kh4 42. Rxf4+ Kh5 43. Rf7 h6 44. b5 Ra2 45. b6 Reb2 46. b7 1-0

[Event "IIFL Wealth  4th Mumbai Junior U-13"]
[Site "Mumbai"]
[Date "2019.01.06"]
[Round "8"]
[White "Manish Kumar (2006)"]
[Black "Ayush Sharma"]
[Result "1-0"]
[WhiteElo "1848"]
[BlackElo "1979"]
[Annotator "NA"]
[PlyCount "105"]
[EventDate "2018.12.30"]
[EventType "swiss"]
[EventCountry "IND"]
[SourceTitle "playchess.com"]
[Source "ChessBase"]
[SourceQuality "1"]

1. f4 Nf6 2. Nf3 e6 3. e3 b6 4. b3 Bb7 5. Bb2 Be7 6. Bd3 Na6 7. O-O O-O 8. Nc3 Nc5 9. Be2 d5 10. Qe1 a5 11. a4 Nfe4 12. d3 Nd6 13. Qf2 Bf6 14. Ne5 Nf5 15. d4 Ne4 16. Nxe4 dxe4 17. Bb5 Ba6 18. Ba3 Nd6 19. c4 Qc8 20. Bd7 Qd8 21. Bc6 Rc8 22. Nd7 Re8 23. Nxf6+ Qxf6 24. Bxe8 Rxe8 25. Rfc1 Nf5 26. b4 axb4 27. Bxb4 c5 28. Bc3 cxd4 29. Bxd4 Nxd4 30. exd4 Rd8 31. Rab1 Rxd4 32. Rxb6 Bc8 33. Rb8 Rd8 34. c5 e5 35. c6 exf4 36. c7 Rf8 37. Qc5 Qe6 38. Rd1 e3 39. Rd8 h6 40. Rxf8+ Kh7 41. Qc2+ f5 42. Qxf5+ Qxf5 43. Rxf5 Bxf5 44. c8=Q Bxc8 45. Rxc8 g5 46. a5 Kg6 47. a6 Kh5 48. a7 Kh4 49. a8=Q e2 50. Kf2 e1=Q+ 51. Kxe1 f3 52. Qxf3 g4 53. Qf6+ 1-0

[Event "IIFL Wealth  4th Mumbai Junior U-13"]
[Site "Mumbai"]
[Date "2019.01.06"]
[Round "8"]
[White "Larmet, Nino"]
[Black "Tikam Aradhya"]
[Result "1-0"]
[WhiteElo "1835"]
[BlackElo "1332"]
[Annotator "NA RC"]
[PlyCount "119"]
[EventDate "2018.12.30"]
[EventType "swiss"]
[EventCountry "IND"]
[SourceTitle "playchess.com"]
[Source "ChessBase"]
[SourceQuality "1"]

1. e4 e5 2. Nf3 Nc6 3. Bb5 Nf6 4. d3 d6 5. c3 Be7 6. O-O a6 7. Ba4 O-O 8. Re1 Bg4 9. Nbd2 Nd7 10. Nf1 b5 11. Bc2 f5 12. Bb3+ Kh8 13. Bd5 Ndb8 14. Ne3 Bxf3 15. Qxf3 fxe4 16. Qd1 exd3 17. Qxd3 b4 18. Nf5 a5 19. Qe4 Ra6 20. Bc4 Ra8 21. Rd1 Qe8 22. Bb5 Bf6 23. cxb4 axb4 24. Bd2 Ra5 25. a4 Qe6 26. Bxc6 Nxc6 27. Nxg7 Bxg7 28. Qxc6 Rc5 29. Qe4 Rc4 30. Qe2 d5 31. Re1 Qf5 32. Rac1 Re4 33. Qf1 Rf7 34. Rxe4 Qxe4 35. Qe1 Qxe1+ 36. Bxe1 Bf8 37. Kf1 c5 38. b3 Ra7 39. Ke2 Kg7 40. Kd3 Kf6 41. f3 Ke6 42. Bf2 Ra5 43. Re1 Kf6 44. Bh4+ Ke6 45. Bg3 Bg7 46. Bxe5 Bxe5 47. f4 Ra7 48. Rxe5+ Kd6 49. Rh5 Rf7 50. Rh6+ Kc7 51. g3 Kb7 52. Rd6 Rf5 53. Rd7+ Kc6 54. Rxh7 Rf6 55. Rh5 Re6 56. Re5 Rh6 57. h4 Rg6 58. Rg5 Re6 59. h5 Kd6 60. Rg6 1-0

[Event "IIFL Wealth  4th Mumbai Junior U-13"]
[Site "Mumbai"]
[Date "2019.01.06"]
[Round "8"]
[White "Pawar, Harshit"]
[Black "Srihari L R"]
[Result "0-1"]
[WhiteElo "1671"]
[BlackElo "2253"]
[Annotator "TA"]
[PlyCount "116"]
[EventDate "2018.12.30"]
[EventType "swiss"]
[EventCountry "IND"]
[SourceTitle "playchess.com"]
[Source "ChessBase"]
[SourceQuality "1"]

1. e4 g6 2. d4 Bg7 3. Nf3 d6 4. c3 Nd7 5. Bd3 c6 6. O-O Qc7 7. Be3 Ngf6 8. h3 O-O 9. Nbd2 e5 10. Qc2 Re8 11. dxe5 dxe5 12. b4 b6 13. a4 c5 14. Qb3 Rb8 15. Bc4 Nf8 16. Ng5 Ne6 17. Nxe6 Bxe6 18. Bxe6 Rxe6 19. Qc4 Rc6 20. b5 Rd6 21. f4 Bh6 22. Nf3 exf4 23. e5 fxe3 24. exd6 Qxd6 25. Rad1 Qe7 26. Rfe1 Re8 27. Qh4 Kg7 28. Re2 Qe6 29. Rde1 Qd5 30. c4 Qd3 31. Nh2 Re4 32. Ng4 Nxg4 33. hxg4 Qxc4 34. Rf1 Bf4 35. Qe1 Be5 36. Rf3 Bd4 37. g5 Qe6 38. Qf1 Rg4 39. Rh3 Rxg5 40. Qf4 Qf5 41. Qh4 Rh5 42. Qg3 Rxh3 43. gxh3 Qd3 44. Qe1 c4 45. Kf1 c3 46. Qc1 Kf6 47. h4 h5 48. Qc2 Qxc2 49. Rxc2 Ke5 50. Ke2 Ke4 51. Rc1 f5 52. Rf1 f4 53. a5 bxa5 54. b6 axb6 55. Rf3 c2 56. Rf1 f3+ 57. Rxf3 c1=Q 58. Rxe3+ Qxe3+ 0-1

[Event "IIFL Wealth  4th Mumbai Junior U-13"]
[Site "Mumbai"]
[Date "2019.01.06"]
[Round "8"]
[White "Bharadia Yash"]
[Black "Aditya Varun Gampa"]
[Result "1-0"]
[WhiteElo "1559"]
[BlackElo "1809"]
[Annotator "NA"]
[PlyCount "91"]
[EventDate "2018.12.30"]
[EventType "swiss"]
[EventCountry "IND"]
[SourceTitle "playchess.com"]
[Source "ChessBase"]
[SourceQuality "1"]

1. e4 c5 2. Nf3 e6 3. d4 cxd4 4. Nxd4 Nc6 5. Nb5 d6 6. c4 a6 7. Nd4 Nf6 8. Nc3 Be7 9. Be2 Qc7 10. Be3 Ne5 11. Rc1 b6 12. O-O h5 13. h3 Bb7 14. f4 Ned7 15. Bf3 Rc8 16. b3 Qb8 17. Qc2 h4 18. Bf2 Nh5 19. Bxh5 Rxh5 20. Qe2 Nf6 21. Nf3 Nd7 22. f5 Rh8 23. fxe6 fxe6 24. Nd4 Nf8 25. Qg4 e5 26. Nf5 Qc7 27. Nxg7+ Kd8 28. Bxh4 Bxh4 29. Rxf8+ Ke7 30. Rxh8 Rxh8 31. Nf5+ Kd8 32. Nxh4 Qc5+ 33. Kh2 Qe3 34. Rd1 Qf4+ 35. Qxf4 exf4 36. Nf5 Kc7 37. Rxd6 Kb8 38. Rxb6 Ka7 39. c5 f3 40. gxf3 a5 41. Nb5+ Ka8 42. Nfd6 Bc6 43. Rxc6 a4 44. Rb6 Rh7 45. Rc6 Kb8 46. Rc8# 1-0

[Event "IIFL Wealth  4th Mumbai Junior U-13"]
[Site "Mumbai"]
[Date "2019.01.06"]
[Round "8"]
[White "Ananya Arumbakkam"]
[Black "Barde Om"]
[Result "1/2-1/2"]
[WhiteElo "1405"]
[BlackElo "1801"]
[Annotator "NA"]
[PlyCount "143"]
[EventDate "2018.12.30"]
[EventType "swiss"]
[EventCountry "IND"]
[SourceTitle "playchess.com"]
[Source "ChessBase"]
[SourceQuality "1"]

1. e4 c5 2. Nf3 d6 3. Bb5+ Bd7 4. Bxd7+ Nxd7 5. d4 cxd4 6. Qxd4 e6 7. c4 Ngf6 8. Nc3 a6 9. O-O Be7 10. b3 O-O 11. Bb2 Qc7 12. Rac1 Rac8 13. Rfd1 Qb8 14. Ne1 Rfd8 15. Nc2 b5 16. cxb5 axb5 17. Nb4 Qb7 18. Kh1 Ne5 19. f3 Nc6 20. Nxc6 Rxc6 21. e5 Ne8 22. Ne4 d5 23. Nf2 Ra6 24. a3 Bxa3 25. Bxa3 Rxa3 26. Qb4 Ra6 27. Rc5 Rb8 28. Rdc1 Qd7 29. Nd3 Rab6 30. Ra1 h6 31. h3 Kh7 32. Kh2 R6b7 33. Ra6 Qe7 34. Rac6 Qd7 35. Ra6 Rb6 36. Ra5 R8b7 37. Ra8 Nc7 38. Ra5 Qe7 39. Qa3 g6 40. Ra7 Ne8 41. Rxb7 Qxb7 42. Qc1 Qe7 43. Rc8 Qd7 44. b4 Rb7 45. Qc5 Kg7 46. f4 Rc7 47. Rxc7 Qxc7 48. Qxb5 Qc4 49. Qxc4 dxc4 50. Nc5 Nc7 51. Kg3 Nd5 52. b5 Kf8 53. Kf3 Ke7 54. g3 Kd8 55. Na4 Kc7 56. Ke4 c3 57. Kd3 c2 58. Kxc2 Ne3+ 59. Kd3 Nf1 60. g4 h5 61. Nc3 Ng3 62. Ne4 Nxe4 63. Kxe4 hxg4 64. hxg4 Kb6 65. g5 Kxb5 66. Kd3 Kc5 67. Kc3 Kd5 68. Kd3 Kc5 69. Kc3 Kb5 70. Kb3 Kc5 71. Kc3 Kd5 72. Kd3 1/2-1/2

[Event "IIFL Wealth  4th Mumbai Junior U-13"]
[Site "Mumbai"]
[Date "2019.01.07"]
[Round "9"]
[White "Gukesh D"]
[Black "Bharadia Yash"]
[Result "1-0"]
[WhiteElo "2466"]
[BlackElo "1559"]
[Annotator "TA"]
[PlyCount "123"]
[EventDate "2018.12.30"]
[EventType "swiss"]
[EventCountry "IND"]
[SourceTitle "playchess.com"]
[Source "ChessBase"]
[SourceQuality "1"]

1. Nf3 d5 2. g3 Bg4 3. Bg2 Nf6 4. O-O e6 5. d3 Bd6 6. h3 Bh5 7. Qe1 c6 8. e4 dxe4 9. dxe4 e5 10. Nbd2 Nbd7 11. Nc4 Qe7 12. Nh4 Bg6 13. Nxd6+ Qxd6 14. Nxg6 hxg6 15. Be3 O-O 16. Qe2 Qe6 17. b3 Rfd8 18. Rfd1 Qe7 19. Qc4 Nf8 20. a4 Ne6 21. a5 c5 22. c3 Rxd1+ 23. Rxd1 b6 24. Qa6 Rb8 25. axb6 axb6 26. Qb5 Qb7 27. b4 Qc7 28. Ra1 Kh7 29. Rb1 Rd8 30. bxc5 bxc5 31. Qc4 Qd6 32. Bf1 Rb8 33. Rxb8 Qxb8 34. Bd3 Qd6 35. Bc2 Nd7 36. Qd5 Qc7 37. Bb3 Nf6 38. Qd3 Qc6 39. Bd5 Qd7 40. Qc4 Nxd5 41. exd5 Nc7 42. Qh4+ Kg8 43. c4 Qd6 44. Qe4 Na6 45. Qb1 Nb4 46. Qa1 Nd3 47. Qa8+ Kh7 48. Qc6 Qb8 49. d6 e4 50. Kh2 f5 51. Qd5 Qb1 52. g4 Ne1 53. Kg3 Nf3 54. Kf4 Kh8 55. Qxc5 g5+ 56. Kxf5 Qa1 57. d7 Qf6+ 58. Kxe4 Ne1 59. Qc8+ Kh7 60. d8=Q Qf3+ 61. Ke5 Nd3+ 62. Qxd3+ 1-0

[Event "IIFL Wealth  4th Mumbai Junior U-13"]
[Site "Mumbai"]
[Date "2019.01.07"]
[Round "9"]
[White "Srihari L R"]
[Black "Jain Kashish Manoj"]
[Result "1-0"]
[WhiteElo "2253"]
[BlackElo "1853"]
[Annotator "TA"]
[PlyCount "66"]
[EventDate "2018.12.30"]
[EventType "swiss"]
[EventCountry "IND"]
[SourceTitle "playchess.com"]
[Source "ChessBase"]
[SourceQuality "1"]

1. d4 d6 2. c4 Nf6 3. Nc3 g6 4. e4 Bg7 5. h3 O-O 6. Bg5 c6 7. Qd2 e5 8. d5 cxd5 9. cxd5 Nbd7 10. Bd3 Nc5 11. Bc2 a5 12. Nge2 Bd7 13. O-O b5 14. Ng3 Qb6 15. Nce2 Rfc8 16. Kh1 Be8 17. Bh6 Qd8 18. Bxg7 Kxg7 19. f4 exf4 20. Qxf4 Nfd7 21. Nd4 Qf6 22. Ndf5+ Kh8 23. Nxd6 Qxf4 24. Rxf4 Rcb8 25. Nxf7+ Kg7 26. Raf1 Ra6 27. e5 Nf6 28. Rxf6 Rxf6 29. Rxf6 Bxf7 30. Rc6 Na4 31. Rc7 Kg8 32. e6 Be8 33. Ne4 Nc3 1-0

[Event "IIFL Wealth  4th Mumbai Junior U-13"]
[Site "Mumbai"]
[Date "2019.01.07"]
[Round "9"]
[White "Aaryan Varshney"]
[Black "Pranesh M"]
[Result "1-0"]
[WhiteElo "2200"]
[BlackElo "2125"]
[Annotator "TA"]
[PlyCount "129"]
[EventDate "2018.12.30"]
[EventType "swiss"]
[EventCountry "IND"]
[SourceTitle "playchess.com"]
[Source "ChessBase"]
[SourceQuality "1"]

1. d4 Nf6 2. Nf3 d5 3. c4 e6 4. Nc3 c6 5. e3 Be7 6. Bd3 O-O 7. O-O Nbd7 8. b3 b6 9. Bb2 Bb7 10. Qe2 Qc7 11. Rac1 Rac8 12. Rfd1 Rfd8 13. h3 h6 14. cxd5 cxd5 15. Nxd5 Qd6 16. Nxe7+ Qxe7 17. e4 Nf8 18. Ne5 N6d7 19. Nc4 Ng6 20. g3 Nb8 21. Qe3 Nc6 22. Ba3 Qc7 23. d5 exd5 24. exd5 Re8 25. Be4 Nce5 26. Nd6 Qd7 27. Bf5 Rxc1 28. Rxc1 Qd8 29. Nxb7 Qxd5 30. Be4 Qd7 31. Nd6 Rd8 32. Bf5 Qe7 33. Bxg6 Nxg6 34. Qxe7 Nxe7 35. Rc7 Nd5 36. Rxa7 Nc3 37. Nxf7 Rd1+ 38. Kg2 Nb5 39. Nxh6+ gxh6 40. Ra8+ Kf7 41. Bb2 Rd2 42. Bc1 Rc2 43. Bxh6 Nc3 44. Rc8 b5 45. b4 Kg6 46. Be3 Kf5 47. Bd4 Ke4 48. Rxc3 Rxa2 49. Bc5 Kd5 50. Re3 Kc4 51. h4 Ra6 52. h5 Rh6 53. g4 Rh8 54. Kg3 Rg8 55. Kh4 Kd5 56. g5 Rg7 57. h6 Rf7 58. g6 Rf4+ 59. Kg5 Rc4 60. h7 Rc1 61. h8=Q Rg1+ 62. Kf6 Rxg6+ 63. Kxg6 Kc6 64. Qf6+ Kd5 65. Qe6# 1-0

[Event "IIFL Wealth  4th Mumbai Junior U-13"]
[Site "Mumbai"]
[Date "2019.01.07"]
[Round "9"]
[White "Nikhil Magizhnan"]
[Black "Manish Kumar (2006)"]
[Result "0-1"]
[WhiteElo "2148"]
[BlackElo "1848"]
[Annotator "TA"]
[PlyCount "107"]
[EventDate "2018.12.30"]
[EventType "swiss"]
[EventCountry "IND"]
[SourceTitle "playchess.com"]
[Source "ChessBase"]
[SourceQuality "1"]

1. e4 e5 2. Nf3 Nc6 3. d4 exd4 4. Bc4 Nf6 5. O-O Nxe4 6. Re1 d5 7. Bxd5 Qxd5 8. Nc3 Qa5 9. Nxe4 Be6 10. Bd2 Qd5 11. Bg5 Bd6 12. Bf6 O-O 13. Nxd4 Nxd4 14. Qxd4 Qxd4 15. Bxd4 Rfd8 16. Rad1 Bf5 17. g3 Bxe4 18. Rxe4 f6 19. a3 Kf7 20. Ree1 a6 21. c4 Re8 22. Rxe8 Rxe8 23. Kf1 Be5 24. Be3 Bxb2 25. Rb1 Bxa3 26. Rxb7 a5 27. Bd2 Bb4 28. Bxb4 axb4 29. Rxb4 Re6 30. Rb3 Ke7 31. Rd3 Re4 32. Rc3 Kd6 33. h4 Kc5 34. Rd3 Kc6 35. Rc3 Kc5 36. Rd3 Re7 37. Rc3 Kd4 38. Rc1 c5 39. Kg2 h5 40. Kf3 g5 41. hxg5 fxg5 42. Kg2 g4 43. Rh1 Re5 44. Rc1 Kd3 45. Kf1 Re4 46. Kg2 Rxc4 47. Rh1 Rd4 48. Rxh5 c4 49. f3 gxf3+ 50. Kxf3 c3 51. g4 c2 52. Rh1 Kc3 53. g5 Kb2 54. g6 0-1

[Event "IIFL Wealth  4th Mumbai Junior U-13"]
[Site "Mumbai"]
[Date "2019.01.07"]
[Round "9"]
[White "Ayush Sharma"]
[Black "Dhanvij Ansh"]
[Result "1-0"]
[WhiteElo "1979"]
[BlackElo "1523"]
[Annotator "NA RC"]
[PlyCount "75"]
[EventDate "2018.12.30"]
[EventType "swiss"]
[EventCountry "IND"]
[SourceTitle "playchess.com"]
[Source "ChessBase"]
[SourceQuality "1"]

1. e4 c6 2. d4 d5 3. exd5 cxd5 4. Bd3 Nc6 5. c3 Qc7 6. Ne2 Bg4 7. f3 Bd7 8. Bf4 e5 9. dxe5 Nxe5 10. O-O Bd6 11. Na3 Nf6 12. Nb5 Qb6+ 13. Ned4 Bxb5 14. Bxb5+ Kf8 15. Be3 Bc5 16. Qe2 a6 17. b4 Bxd4 18. Bxd4 Qxb5 19. Qxe5 Qc6 20. Rfe1 Re8 21. Qf5 Re6 22. Re5 Rxe5 23. Qxe5 h6 24. Qb8+ Qe8 25. Qxb7 Kg8 26. Qxa6 Nd7 27. a4 Kh7 28. Qd3+ Kg8 29. a5 f6 30. Qf5 Qf7 31. a6 g6 32. Qf4 Kg7 33. a7 Ra8 34. Qc7 Qe8 35. b5 Rxa7 36. Bxa7 g5 37. b6 Qe3+ 38. Kh1 1-0

[Event "IIFL Wealth  4th Mumbai Junior U-13"]
[Site "Mumbai"]
[Date "2019.01.07"]
[Round "9"]
[White "Shah Jeet"]
[Black "Manish Anto Cristiano F"]
[Result "1/2-1/2"]
[WhiteElo "1904"]
[BlackElo "2065"]
[Annotator "NA RC"]
[PlyCount "121"]
[EventDate "2018.12.30"]
[EventType "swiss"]
[EventCountry "IND"]
[SourceTitle "playchess.com"]
[Source "ChessBase"]
[SourceQuality "1"]

1. e4 c5 2. Nf3 d6 3. d4 cxd4 4. Nxd4 Nf6 5. Nc3 a6 6. Bc4 e6 7. Bb3 Nbd7 8. f4 Nc5 9. f5 Be7 10. O-O O-O 11. Qf3 Kh8 12. g4 Nfd7 13. Qg2 Ne5 14. Nf3 Nxf3+ 15. Rxf3 b5 16. fxe6 fxe6 17. Rxf8+ Bxf8 18. Be3 Nxb3 19. axb3 Bb7 20. Rf1 Qd7 21. Qf3 Kg8 22. g5 Rc8 23. h4 Qe8 24. Qg4 b4 25. Ne2 Qg6 26. Nf4 Qxe4 27. Qxe6+ Qxe6 28. Nxe6 Be7 29. Nd4 Be4 30. Rf2 d5 31. Kf1 Bd6 32. Nf5 Bf8 33. Nd4 g6 34. Ke1 Bg7 35. Kd1 Be5 36. Kc1 a5 37. Kd1 Ra8 38. Nc6 Bxb2 39. Bb6 a4 40. Nxb4 axb3 41. cxb3 Bc3 42. Na2 Be5 43. Rd2 Rb8 44. Bd4 Bf4 45. Rb2 Bg3 46. b4 Bxh4 47. b5 Bxg5 48. b6 Bf4 49. b7 Re8 50. Nb4 Bf3+ 51. Kc2 Re6 52. Nd3 Be4 53. b8=Q+ Bxb8 54. Rxb8+ Kf7 55. Rh8 g5 56. Kd2 Kg6 57. Nc5 Re7 58. Rg8+ Kf5 59. Ke3 h5 60. Rf8+ Kg4 61. Bf6 1/2-1/2

[Event "IIFL Wealth  4th Mumbai Junior U-13"]
[Site "Mumbai"]
[Date "2019.01.07"]
[Round "9"]
[White "Larmet, Nino"]
[Black "Kriti Mayur Patel"]
[Result "1/2-1/2"]
[WhiteElo "1835"]
[BlackElo "1439"]
[Annotator "NA RC"]
[PlyCount "117"]
[EventDate "2018.12.30"]
[EventType "swiss"]
[EventCountry "IND"]
[SourceTitle "playchess.com"]
[Source "ChessBase"]
[SourceQuality "1"]

1. e4 e5 2. Nf3 Nc6 3. Bb5 a6 4. Ba4 Nf6 5. d3 b5 6. Bb3 Bc5 7. Bg5 O-O 8. O-O d6 9. c3 h6 10. Bh4 Bg4 11. Nbd2 Rb8 12. Re1 g5 13. Bg3 Nh5 14. h3 Bxf3 15. Qxf3 Nxg3 16. Qxg3 Kh8 17. Qf3 Bb6 18. Nf1 Na5 19. Bc2 Nc6 20. Ng3 a5 21. Rad1 Rg8 22. Nh5 Qe7 23. Nf6 Rg6 24. Nd5 Qd7 25. Bb3 Ba7 26. Ne3 Rf8 27. Qf5 Qxf5 28. Nxf5 Rf6 29. Bd5 Ne7 30. Nxe7 Bxf2+ 31. Kf1 Bxe1+ 32. Kxe1 Kh7 33. Ke2 Re8 34. Nc6 a4 35. Nb4 Rb8 36. Bc6 Rg6 37. Rf1 Kg7 38. Bd5 Rf6 39. Rxf6 Kxf6 40. Bc6 Kg6 41. d4 f6 42. d5 Rb6 43. g4 Kf7 44. Kd3 Ke7 45. Nc2 Kf7 46. Ne3 Rb8 47. Nf5 Kg6 48. Kc2 h5 49. b3 hxg4 50. hxg4 axb3+ 51. Kxb3 Rb6 52. Kb4 Ra6 53. a3 Ra4+ 54. Kb3 Rxe4 55. Bxb5 Rxg4 56. Ne3 Rg3 57. Be8+ Kh7 58. Nf5 Rf3 59. Bd7 1/2-1/2

[Event "IIFL Wealth  4th Mumbai Junior U-13"]
[Site "Mumbai"]
[Date "2019.01.07"]
[Round "9"]
[White "Aditya Varun Gampa"]
[Black "Dande Vyankatesh S"]
[Result "1/2-1/2"]
[WhiteElo "1809"]
[BlackElo "1418"]
[Annotator "NA RC"]
[PlyCount "182"]
[EventDate "2018.12.30"]
[EventType "swiss"]
[EventCountry "IND"]
[SourceTitle "playchess.com"]
[Source "ChessBase"]
[SourceQuality "1"]

1. e4 e5 2. Nf3 Nf6 3. Nxe5 d6 4. Nf3 Nxe4 5. c4 d5 6. cxd5 Qxd5 7. Nc3 Nxc3 8. bxc3 Be7 9. Be2 Nc6 10. d4 Bf6 11. Be3 Bf5 12. Qb3 Qxb3 13. axb3 O-O 14. O-O a6 15. b4 Rfe8 16. Rad1 Rad8 17. d5 Nb8 18. Nd4 Bg6 19. c4 Nd7 20. b5 axb5 21. Nxb5 Be5 22. c5 Nf6 23. d6 cxd6 24. Nxd6 Bxd6 25. Rxd6 Ne4 26. Rb6 Nxc5 27. Rc1 Nd3 28. Bxd3 Rxd3 29. Rxb7 Red8 30. h3 Rd1+ 31. Rxd1 Rxd1+ 32. Kh2 h6 33. h4 Re1 34. g4 Rh1+ 35. Kg3 Rg1+ 36. Kf4 h5 37. f3 Rf1 38. Rb8+ Kh7 39. Kg3 hxg4 40. fxg4 Be4 41. Bf2 Rc1 42. Kf4 Bd5 43. Rd8 Rc4+ 44. Ke5 Be6 45. g5 Rc2 46. Bg3 Rc5+ 47. Kf4 Rc4+ 48. Ke3 Rc3+ 49. Kf2 Kg6 50. Rh8 Kf5 51. Bd6 Rc2+ 52. Ke3 Rc3+ 53. Kd4 Rc4+ 54. Kd3 g6 55. Be7 Rg4 56. h5 gxh5 57. Rxh5 Rg3+ 58. Ke2 Ke4 59. Rh4+ Rg4 60. Rh2 Bc4+ 61. Kd2 Be6 62. Kc3 Kf5 63. Re2 Rc4+ 64. Kd3 Rf4 65. Re1 Rf3+ 66. Kd4 Rf4+ 67. Kc5 Rc4+ 68. Kb5 Rc7 69. Bf6 Kg6 70. Kb6 Rc4 71. Rh1 Rb4+ 72. Kc5 Rc4+ 73. Kd6 Rc2 74. Rh6+ Kf5 75. Ke7 Rc8 76. Rh7 Ra8 77. Rg7 Ra7+ 78. Ke8 Bd5 79. Bd8 Ke6 80. g6 Ra8 81. Rxf7 Bc6+ 82. Kf8 Rxd8+ 83. Kg7 Bd5 84. Rf2 Be4 85. Re2 Ke5 86. Kh6 Rd6 87. Kh7 Kf4 88. Rxe4+ Kxe4 89. g7 Rd7 90. Kh8 Rxg7 91. Kxg7 Ke5 1/2-1/2

[Event "IIFL Wealth  4th Mumbai Junior U-13"]
[Site "Mumbai"]
[Date "2019.01.07"]
[Round "9"]
[White "Barde Om"]
[Black "Agarwal Mukund H"]
[Result "1-0"]
[WhiteElo "1801"]
[BlackElo "1375"]
[Annotator "NA RC"]
[PlyCount "69"]
[EventDate "2018.12.30"]
[EventType "swiss"]
[EventCountry "IND"]
[SourceTitle "playchess.com"]
[Source "ChessBase"]
[SourceQuality "1"]

1. e4 c5 2. Nf3 d6 3. d4 cxd4 4. Nxd4 Nf6 5. Nc3 g6 6. Be3 Bg7 7. f3 O-O 8. Bc4 Nc6 9. Qd2 Bd7 10. O-O-O Rc8 11. Bb3 Ne5 12. g4 Nc4 13. Bxc4 Rxc4 14. Kb1 a6 15. h4 h5 16. gxh5 Nxh5 17. Nce2 Qc7 18. Bh6 Rc8 19. Bxg7 Kxg7 20. c3 b5 21. Rdg1 b4 22. Qg5 Rc5 23. Nf5+ Bxf5 24. exf5 Rh8 25. cxb4 Rd5 26. Nc3 Re5 27. f4 Re3 28. Nd5 Qc4 29. Nxe3 Qd3+ 30. Nc2 Rc8 31. Rh2 Nf6 32. fxg6 fxg6 33. f5 Ne4 34. Qxg6+ Kh8 35. Qh5# 1-0

[Event "IIFL Wealth  4th Mumbai Junior U-13"]
[Site "Mumbai"]
[Date "2019.01.07"]
[Round "9"]
[White "Devesh Anand Naik"]
[Black "Pranav, V."]
[Result "0-1"]
[WhiteElo "1763"]
[BlackElo "2318"]
[Annotator "TA"]
[PlyCount "104"]
[EventDate "2018.12.30"]
[EventType "swiss"]
[EventCountry "IND"]
[SourceTitle "playchess.com"]
[Source "ChessBase"]
[SourceQuality "1"]

1. Nf3 Nf6 2. g3 d6 3. d4 g6 4. Bg2 Bg7 5. O-O O-O 6. Nbd2 Nbd7 7. e4 e5 8. c3 Qe7 9. Re1 b6 10. a4 a6 11. b3 Bb7 12. Bb2 Rae8 13. Ba3 c5 14. dxe5 dxe5 15. Qc2 Rd8 16. Rad1 b5 17. Nh4 Nb8 18. Nf1 b4 19. Bb2 Nc6 20. c4 Nd4 21. Bxd4 cxd4 22. Re2 Nd7 23. Nf3 Nc5 24. Ne1 f5 25. exf5 Bxg2 26. Nxg2 d3 27. Rxd3 Rxd3 28. fxg6 hxg6 29. Nf4 Rxf4 30. gxf4 e4 31. Ng3 Qd7 32. Rxe4 Nxe4 33. Nxe4 Qg4+ 34. Ng3 Qd1+ 35. Qxd1 Rxd1+ 36. Kg2 Rd3 37. c5 Rxb3 38. Ne4 Rc3 39. Nxc3 bxc3 40. c6 c2 41. c7 c1=Q 42. c8=Q+ Qxc8 43. a5 Kf7 44. f5 Kf6 45. h4 Ke5 46. f6 Bf8 47. h5 Kf4 48. hxg6 Qg4+ 49. Kf1 Kf3 50. g7 Bb4 51. g8=Q Qxg8 52. f7 Qg2# 0-1

[Event "IIFL Wealth  4th Mumbai Junior U-13"]
[Site "Mumbai"]
[Date "2019.01.07"]
[Round "9"]
[White "Ananmay Sharma"]
[Black "Divya Deshmukh"]
[Result "0-1"]
[WhiteElo "1749"]
[BlackElo "2190"]
[Annotator "TA"]
[PlyCount "90"]
[EventDate "2018.12.30"]
[EventType "swiss"]
[EventCountry "IND"]
[SourceTitle "playchess.com"]
[Source "ChessBase"]
[SourceQuality "1"]

1. d4 Nf6 2. Bf4 g6 3. e3 Bg7 4. c4 d5 5. Nc3 c6 6. Nf3 O-O 7. Be2 dxc4 8. Bxc4 Nbd7 9. h3 b5 10. Be2 Bb7 11. O-O a6 12. Rc1 Qb6 13. Qc2 Rfc8 14. Ne5 c5 15. Qb3 e6 16. Bf3 cxd4 17. exd4 Bxf3 18. Nxf3 Qb7 19. a4 b4 20. Bd6 a5 21. Nb5 Bh6 22. Rxc8+ Rxc8 23. Bxb4 axb4 24. Nd6 Qa6 25. Nxc8 Qxc8 26. Qxb4 Nd5 27. Qb5 Nb8 28. Ne5 Bg7 29. a5 Bxe5 30. dxe5 Na6 31. Rd1 Kg7 32. Rd4 Qc1+ 33. Kh2 Qe1 34. f4 Qf2 35. Rxd5 Qxf4+ 36. Kg1 Nc7 37. Qb8 Qe3+ 38. Kh2 Nxd5 39. a6 Nf4 40. Qd8 Qf2 41. Qg5 Nd5 42. b4 Qb6 43. h4 h6 44. Qd2 Qxa6 45. Qf2 Qc4 0-1

[Event "IIFL Wealth  4th Mumbai Junior U-13"]
[Site "Mumbai"]
[Date "2019.01.07"]
[Round "9"]
[White "Laddha, Shubh Jayesh"]
[Black "Potawad Anirudhha"]
[Result "1/2-1/2"]
[WhiteElo "1567"]
[BlackElo "1849"]
[Annotator "NA RC"]
[PlyCount "74"]
[EventDate "2018.12.30"]
[EventType "swiss"]
[EventCountry "IND"]
[SourceTitle "playchess.com"]
[Source "ChessBase"]
[SourceQuality "1"]

1. e4 e5 2. Nf3 Nc6 3. Bb5 Nf6 4. O-O Nxe4 5. d4 Nd6 6. Bxc6 dxc6 7. dxe5 Nf5 8. Qxd8+ Kxd8 9. Nc3 h6 10. h3 Be7 11. Bf4 Be6 12. Rad1+ Kc8 13. a3 a5 14. Rd2 b6 15. Rfd1 Kb7 16. Ne2 Bd5 17. Ned4 Nxd4 18. Nxd4 g6 19. Re1 Bg5 20. Bxg5 hxg5 21. e6 c5 22. Nf3 Bxf3 23. gxf3 Rae8 24. e7 Rxh3 25. Rd8 Rhh8 26. Red1 Kc6 27. b3 b5 28. c3 f5 29. b4 axb4 30. axb4 cxb4 31. cxb4 Kb6 32. Kg2 f4 33. R1d2 Kc6 34. Rc2+ Kb6 35. Rcd2 Kc6 36. Rc2+ Kb6 37. Rcd2 Kc6 1/2-1/2